| 000 | 01348nam0a2200301 4500 | ||
|---|---|---|---|
| 001 | RU\NLR\BIBL_A\011754928 | ||
| 005 | 20180822171357.0 | ||
| 010 |
_a978-5-904914-29-5 _9300 |
||
| 021 |
_aRU _bКН-П-18-045447 _9КН-П-18-3279 |
||
| 035 | _a(NLR Aleph) 011754928 | ||
| 035 | _a(RuMoRGB)009672785 | ||
| 090 |
_a11647127 _c11647127 |
||
| 100 | _a20180718d2018 k y0rusy50 ca | ||
| 101 | 0 | _arus | |
| 102 | _aRU | ||
| 105 | _aac j 000zy | ||
| 200 | 1 |
_aИстория древнерусской духовной культуры X-XVII вв. _eинновационный учебно-методический комплекс "История" _hмодуль 4.2 _eучебное пособие _fА. С. Цыганков |
|
| 210 |
_aМосква _cИнтеграция: Образование и Наука _cГАУГН-Пресс _d2018 |
||
| 215 |
_a126 с. _cил., цв. ил., портр. _d20 |
||
| 320 | _aБиблиогр. в конце разд. | ||
| 606 | 1 |
_aДуховная культура _yРоссия _jУчебные издания для высших учебных заведений _2nlr_sh1 _2nlr_sh2 _3RU\NLR\AUTH\661290119 |
|
| 686 | 1 | _aТ3(2)4-7я73 | |
| 700 | 1 |
_aЦыганков _bА. С. |
|
| 942 | _cBOOK | ||
| 980 | _aNBR | ||
| 980 | _aNB | ||